000 00350nam a22001217a 4500
008 230704b xxu||||| |||| 00| 0 eng d
082 _a340.6
_bCBS
100 _cCentral Bureau of Statistics
245 _aKenya 2003 Demographic and health Survey key Findings
260 _aKenya
_bCentral bureau of Statistics
_c2004
300 _a20p
942 _2ddc
_cBK
999 _c3620
_d3620